<?xml version="1.0" encoding="UTF-8"?><?xml-stylesheet type="text/xsl" href="static/style.xsl"?><OAI-PMH xmlns="http://www.openarchives.org/OAI/2.0/" xmlns:xsi="http://www.w3.org/2001/XMLSchema-instance" xsi:schemaLocation="http://www.openarchives.org/OAI/2.0/ http://www.openarchives.org/OAI/2.0/OAI-PMH.xsd"><responseDate>2026-04-28T19:02:48Z</responseDate><request verb="GetRecord" identifier="oai:uvadoc.uva.es:10324/62392" metadataPrefix="marc">https://uvadoc.uva.es/oai/request</request><GetRecord><record><header><identifier>oai:uvadoc.uva.es:10324/62392</identifier><datestamp>2023-11-21T20:01:50Z</datestamp><setSpec>com_10324_38</setSpec><setSpec>col_10324_852</setSpec></header><metadata><record xmlns="http://www.loc.gov/MARC21/slim" xmlns:doc="http://www.lyncode.com/xoai" xmlns:xsi="http://www.w3.org/2001/XMLSchema-instance" xmlns:dcterms="http://purl.org/dc/terms/" xsi:schemaLocation="http://www.loc.gov/MARC21/slim http://www.loc.gov/standards/marcxml/schema/MARC21slim.xsd">
<leader>00925njm 22002777a 4500</leader>
<datafield tag="042" ind1=" " ind2=" ">
<subfield code="a">dc</subfield>
</datafield>
<datafield tag="720" ind1=" " ind2=" ">
<subfield code="a">Pérez Azpeleta, Andrea</subfield>
<subfield code="e">author</subfield>
</datafield>
<datafield tag="260" ind1=" " ind2=" ">
<subfield code="c">2023</subfield>
</datafield>
<datafield tag="520" ind1=" " ind2=" ">
<subfield code="a">A continuación, se muestra un trabajo de investigación que analiza el fracaso escolar desde una perspectiva internacional.&#xd;
En primer lugar, se expone la magnitud del tema y se revisan las causas y consecuencias que puede ocasionar el fracaso escolar. En segundo lugar, se justifica la necesidad de abordar esta cuestión desde una perspectiva más amplia que permita aportar soluciones acordes a los tiempos actuales. Para ello, se lleva cabo una revisión de las acciones desarrolladas en otros países en esta materia.&#xd;
Para la selección e identificación de estos programas e iniciativas, se han elaborado diez criterios a través de una metodología comparada. La cual trata de valorar si los diversos sistemas educativos llevan a cabo buenas prácticas que se centran en mejorar los resultados de aprendizaje y bienestar de los estudiantes.&#xd;
De esta forma, se pretende reflexionar sobre diversas respuestas que ofrecen los sistemas educativos al fracaso escolar desde la perspectiva de la Educación Social.</subfield>
</datafield>
<datafield tag="024" ind2=" " ind1="8">
<subfield code="a">https://uvadoc.uva.es/handle/10324/62392</subfield>
</datafield>
<datafield tag="245" ind1="0" ind2="0">
<subfield code="a">Perspectiva internacional del fracaso escolar</subfield>
</datafield>
</record></metadata></record></GetRecord></OAI-PMH>